Personas

Bibliographic Details
Main Author: Chv̀ez Chv̀ez, Eric Andrš
Format: eBook
Language:Spanish
Subjects:
Online Access:Acceso restringido

MARC

LEADER 00000nam a22000007a 4500
005 20220322211525.0
007 cr|||| ||||
008 220322s2021 cl |||||s|||| 00||0 spa d
035 |a 35752 
040 |a vLex 
090 |c 13075  |d 13075 
100 1 |a Chv̀ez Chv̀ez, Eric Andrš 
245 1 0 |a  Personas  |h [Recurso electrn̤ico] /  |c Eric Andrš Chv̀ez Chv̀ez 
256 |a Servicio en ln̕ea 
300 |a 1 recurso electrn̤ico 
506 1 |a Disponible solo en los productos indicados  |d vLex Global  |d vLex Global (Academic Edition, excluding Law Schools)  |d vLex Global (U.S. Academic Edition, Law Schools)  |d vLex Global (U.S. Academic Edition, excluding Law Schools)  |d vLex Global (Academic Edition, Law Schools) 
650 0 4 |a Derecho Civil  |z Chile 
650 0 4 |a Procedimiento Civil  |z Chile 
740 0 |a vLex Libros (Servicio en ln̕ea) 
856 4 0 |u https://app.vlex.com/#/sources/35752  |z Acceso restringido 
942 |c BOOK 
999 0 |a Civil Law 
999 0 |a Civil Procedure